Normal view
MARC view
Entry Personal Name
001 - CONTROL NUMBER
- control field: 15772
003 - CONTROL NUMBER IDENTIFIER
- control field: OSt
005 - DATE AND TIME OF LATEST TRANSACTION
- control field: 20220222101748.0
008 - FIXED-LENGTH DATA ELEMENTS
- fixed length control field: 220222|| aca||aabn | a|a d
040 ## - CATALOGING SOURCE
- Original cataloging agency: OSt
- Transcribing agency: OSt
100 ## - HEADING--PERSONAL NAME
- Personal name: Holiday , Adrian: Hyde , Martin : Kullman, John
670 ## - SOURCE DATA FOUND
- Source citation: Work cat.: (OSt): Holiday , Adrian: Hyde , Martin : Kullman, John, Intercultural communication, , c 2011
